000
00253nam a2200109Ia 4500
008
190912s9999||||xx |||||||||||||| ||und||
100
_a
Lay,David C.
245
0
_a
Linear Algebra
260
_a
New Delhi
_b
Education InC
_c
1993
300
_a
112
942
_c
BK
999
_c
7604
_d
7604